000 004260000a22001810004500
003 MACL
005 20151013152115.0
008 151013b xxu||||| |||| 00| 0 eng d
040 _aMACL
_cMACL
041 _aEnglish
082 _a920/GHO
100 _aGhosh,S.L.
_914622
245 _aMotilal Ghose
260 _bNatioal Book Trust
_c1970
_aNew Delhi
350 _a2.75
650 _aBiography
_914623
942 _cBK
_k920
_2ddc
999 _c7199
_d7199